<?xml version='1.0' encoding='UTF-8'?>
  <record xmlns="http://www.loc.gov/MARC21/slim">
    <leader>00000ctm a2200000 a 4500</leader>
    <controlfield tag="001">ocn965407573</controlfield>
    <controlfield tag="003">OCoLC</controlfield>
    <controlfield tag="005">20250312172953.3</controlfield>
    <controlfield tag="008">141217q14001500ne            000 0 lat d</controlfield>
    <datafield tag="040" ind1=" " ind2=" ">
      <subfield code="a">QGJ</subfield>
      <subfield code="b">dut</subfield>
      <subfield code="c">QGJ</subfield>
      <subfield code="d">OCLCL</subfield>
      <subfield code="d">OCLCQ</subfield>
    </datafield>
    <datafield tag="035" ind1=" " ind2=" ">
      <subfield code="a">(OCoLC)965407573</subfield>
    </datafield>
    <datafield tag="100" ind1="1" ind2=" ">
      <subfield code="a">Thomas Wallensis.</subfield>
      <subfield code="d">-1349.</subfield>
    </datafield>
    <datafield tag="245" ind1="1" ind2="0">
      <subfield code="a">Commentarius in Augustini libri De civitate Dei /</subfield>
      <subfield code="c">Thomas Wallensis.</subfield>
      <subfield code="f">UBU Hs. 306 (Hs 3 C 3).</subfield>
    </datafield>
    <datafield tag="260" ind1=" " ind2=" ">
      <subfield code="a">[Utrecht] :</subfield>
      <subfield code="c">[1400-1500].</subfield>
    </datafield>
    <datafield tag="300" ind1=" " ind2=" ">
      <subfield code="a">123 fol. :</subfield>
      <subfield code="b">penwerk ;</subfield>
      <subfield code="c">285 - 205 mm.</subfield>
    </datafield>
    <datafield tag="336" ind1=" " ind2=" ">
      <subfield code="a">text</subfield>
      <subfield code="b">txt</subfield>
      <subfield code="2">rdacontent</subfield>
    </datafield>
    <datafield tag="337" ind1=" " ind2=" ">
      <subfield code="a">unmediated</subfield>
      <subfield code="b">n</subfield>
      <subfield code="2">rdamedia</subfield>
    </datafield>
    <datafield tag="338" ind1=" " ind2=" ">
      <subfield code="a">volume</subfield>
      <subfield code="b">nc</subfield>
      <subfield code="2">rdacarrier</subfield>
    </datafield>
    <datafield tag="340" ind1=" " ind2=" ">
      <subfield code="a">Papier</subfield>
      <subfield code="k">2 kolommen, 42-45 regels, littera hybrida.</subfield>
    </datafield>
    <datafield tag="500" ind1=" " ind2=" ">
      <subfield code="a">Gebonden bij: Flores Augustini ex libris De civitate Dei extracti ... / Franciscus de Mayronis. - [Köln : Johann Schilling, ca. 1473].</subfield>
    </datafield>
    <datafield tag="500" ind1=" " ind2=" ">
      <subfield code="a">Retro-invoer Handschriften UB Utrecht.</subfield>
    </datafield>
    <datafield tag="524" ind1=" " ind2=" ">
      <subfield code="a">Te citeren als: Universiteitsbibliotheek Utrecht Hs. 306 (Hs 3 C 3).</subfield>
    </datafield>
    <datafield tag="562" ind1=" " ind2=" ">
      <subfield code="a">Binding note: Hs 3 C 3 dl 2.</subfield>
      <subfield code="5">NL-UtRU</subfield>
    </datafield>
    <datafield tag="581" ind1=" " ind2=" ">
      <subfield code="a">P.A. Tiele, Catalogus codicum manu scriptorum Bibliothecae Universitatis Rheno-Trajectinae. I. Trajecti ad Rhenum. Hagae Comitis 1887. P. 99.</subfield>
    </datafield>
    <datafield tag="581" ind1=" " ind2=" ">
      <subfield code="a">Handschriften en oude drukken van de Utrechtse Universiteitsbibliotheek. Catalogus bij de tentoonstelling in het Centraal Museum te Utrecht ter gelegenheid van het 400-jarig bestaan van de bibliotheek der Rijksuniversiteit, 1584-1984. Utrecht 1984. P. 70, 72.</subfield>
    </datafield>
    <datafield tag="581" ind1=" " ind2=" ">
      <subfield code="a">P.O. Kristeller, Iter Italicum. Accedunt alia itinera. A finding list of uncatalogued or incompletely catalogued humanistic manuscripts of the Renaissance in Italian and other libraries IV (alia itinera II): Great Britain to Spain. London etc. 1989. P. 382.</subfield>
    </datafield>
    <datafield tag="581" ind1=" " ind2=" ">
      <subfield code="a">M.Th. Wieser, Die handschriftliche Überlieferung der Werke des heiligen Augustinus VIII.1: Belgien, Luxembourg und Niederlande. Werkverzeichnis. Wien 2000 (= Sitzungsberichte der Österreichische Akademie der Wissenschaften. Phil.-Hist. Klasse 685). P. 55.</subfield>
    </datafield>
    <datafield tag="581" ind1=" " ind2=" ">
      <subfield code="a">M. Th. Wieser, Die Handschriftliche Überlieferung der Werke des heiligen Augustinus Bd. VIII/2. Belgien, Luxemburg und Niederlande. Verzeichnis nach Bibliotheken. Wien 2000 (= Sitzungsberichte der Österreichische Akademie der Wissenschaften. Phil.-Hist. Klasse 685). P. 293.</subfield>
    </datafield>
    <datafield tag="530" ind1=" " ind2=" ">
      <subfield code="a">Also available in online version.</subfield>
    </datafield>
    <datafield tag="600" ind1="1" ind2="4">
      <subfield code="a">Augustinus, Aurelius.</subfield>
    </datafield>
    <datafield tag="655" ind1=" " ind2="7">
      <subfield code="a">Handschriften (vorm)</subfield>
      <subfield code="0">088143309</subfield>
      <subfield code="2">gtt</subfield>
    </datafield>
    <datafield tag="710" ind1="2" ind2=" ">
      <subfield code="a">Regulierenklooster.</subfield>
      <subfield code="b">Utrecht</subfield>
      <subfield code="e">former owner.</subfield>
      <subfield code="4">fmo</subfield>
      <subfield code="5">NL-UtRU</subfield>
    </datafield>
    <datafield tag="758" ind1=" " ind2=" ">
      <subfield code="a">UBU Hs. 306 (Hs 3 C 3) Commentarius in Augustini libri De civitate Dei (Text)</subfield>
      <subfield code="1">https://id.oclc.org/worldcat/entity/E39PD3mGrBTxT4PC6Kh97KvPwC</subfield>
      <subfield code="4">https://id.oclc.org/worldcat/ontology/hasWork</subfield>
    </datafield>
    <datafield tag="776" ind1="0" ind2="8">
      <subfield code="i">Online version:</subfield>
      <subfield code="a">Thomas Wallensis.</subfield>
      <subfield code="t">Commentarius in Augustini libri De civitate Dei.</subfield>
      <subfield code="d">[Utrecht] : [1400-1500].</subfield>
    </datafield>
    <datafield tag="856" ind1="4" ind2="1">
      <subfield code="u">http://objects.library.uu.nl/reader/resolver.php?obj=002639678&amp;type=2</subfield>
      <subfield code="x">Online</subfield>
      <subfield code="z">Full Text</subfield>
    </datafield>
    <datafield tag="936" ind1=" " ind2=" ">
      <subfield code="a">BATCHLOAD</subfield>
    </datafield>
  </record>